The barley crop. : A record of some recent investigations /

Bibliographic Details
Main Author: Hunter, Herbert
Format: Book
Language:English
Published: London : E. Benn limited, 1926.
Subjects:

MARC

Tag First Indicator Second Indicator Subfields
LEADER 00000cam a2200000 4500
001 in00000047810
005 20151007075537.0
008 800613s1926 enka 00010 eng c
010 |a agr27000084  
035 |a (OCoLC)06419123 
035 |9 AAF3394AM 
040 |a Library, U.S. Dept. of Agriculture  |c TXA  |d UtOrBLW 
049 |a TXAM  |c [33137] 
090 |a SB191.B2  |b H85 1926 
092 |a 633.16  |b H945b 
100 1 |a Hunter, Herbert. 
245 1 4 |a The barley crop. :  |b A record of some recent investigations /  |c By Herbert Hunter ... 
264 1 |a London :  |b E. Benn limited,  |c 1926. 
300 |a vi, 2 unnumbered pages, 166 pages :  |b frontispiece, diagrams (1 folded) ;  |c 23 cm. 
336 |a text  |b txt  |2 rdacontent 
337 |a unmediated  |b n  |2 rdamedia 
338 |a volume  |b nc  |2 rdacarrier 
650 0 |a Barley. 
999 |a MARS 
999 f f |s 5054bcc2-3459-320d-a690-682ead91bc81  |i 3c9fa25e-b757-3578-82ae-6c4cb505aa67  |t 0 
952 f f |p ric  |a Texas A&M University  |b Rellis Campus  |c Joint Library Facility  |d Remote Storage  |t 0  |e SB191.B2 H85 1926  |h Library of Congress classification  |i unmediated -- volume  |m A14801072934 
998 f f |a SB191.B2 H85 1926  |t 0  |l Remote Storage